Pediatría ambulatoria / (Registro nro. 23771)

Detalles MARC
000 -LEADER
fixed length control field 01411nam a2200349 4500
001 - CONTROL NUMBER
control field 0000023740
003 - CONTROL NUMBER IDENTIFIER
control field CO-CtgCURN
005 - DATE AND TIME OF LATEST TRANSACTION
control field 20250530175720.0
007 - PHYSICAL DESCRIPTION FIXED FIELD--GENERAL INFORMATION
fixed length control field ta
008 - FIXED-LENGTH DATA ELEMENTS--GENERAL INFORMATION
fixed length control field 160627s2011 000 0 eng d
020 ## - INTERNATIONAL STANDARD BOOK NUMBER
International Standard Book Number 9789562203234
040 ## - CATALOGING SOURCE
Original cataloging agency CO-CtgCURN
Language of cataloging spa
Transcribing agency coctgcurn
082 0# - DEWEY DECIMAL CLASSIFICATION NUMBER
Classification number 618.92
Item number Q1
100 1# - MAIN ENTRY--PERSONAL NAME
Personal name Quezada Lagos, Arnoldo.
245 10 - TITLE STATEMENT
Title Pediatría ambulatoria /
Statement of responsibility, etc. Arnoldo Quezada Lagos.
250 ## - EDITION STATEMENT
Edition statement 2a ed.
260 ## - PUBLICATION, DISTRIBUTION, ETC.
Place of publication, distribution, etc. Santiago de Chile :
Name of publisher, distributor, etc. Mediterraneo,
Date of publication, distribution, etc. 2011.
300 ## - PHYSICAL DESCRIPTION
Extent xxi, 692 p.
336 ## - CONTENT TYPE
Source rdacontent
337 ## - MEDIA TYPE
Source rdamedia
Media type term sin mediacion
Media type code n
338 ## - CARRIER TYPE
Source rdacarrier
Carrier type term volumen
Carrier type code nc
504 ## - BIBLIOGRAPHY, ETC. NOTE
Bibliography, etc. note Incluye bibliografia e indice.
505 8# - FORMATTED CONTENTS NOTE
Formatted contents note Control y supervision de salud -- Nutricion, endocrinología, genetica y metabolismo -- Infectología -- Neumología -- Gastroenteroloia -- Otorrinolaringología -- Ginecología -- Dermatología -- Hematooncología -- Cardiología --Neurología -- Salud mental -- Cirugia y traumatología -- Miscelanea
650 14 - SUBJECT ADDED ENTRY--TOPICAL TERM
Topical term or geographic name entry element Pediatria.
908 ## - PUT COMMAND PARAMETER (RLIN)
Put command parameter 160627
942 ## - ADDED ENTRY ELEMENTS (KOHA)
Koha item type Libros
Classification part 618.92
Item part Q1
Source of classification or shelving scheme Dewey Decimal Classification
Suppress in OPAC No
Existencias
Withdrawn status Lost status Source of classification or shelving scheme Damaged status Not for loan Collection Home library Current library Shelving location Date acquired Inventory number Total checkouts Full call number Barcode Date last seen Copy number Price effective from Koha item type Public note
    Dewey Decimal Classification     General Miguel Henríquez Emiliani Miguel Henríquez Emiliani General 03/31/2025 016026   618.92 Q1 016026 03/31/2025 ej.1 03/31/2025 Libros 610-CIENME
    Dewey Decimal Classification     General Miguel Henríquez Emiliani Miguel Henríquez Emiliani General 03/31/2025 017024   618.92 Q1 017024 03/31/2025 ej.2 03/31/2025 Libros 610-CIENME
    Dewey Decimal Classification     General Miguel Henríquez Emiliani Miguel Henríquez Emiliani General 03/31/2025 017025   618.92 Q1 017025 03/31/2025 ej.3 03/31/2025 Libros 610-CIENME
    Dewey Decimal Classification     General Miguel Henríquez Emiliani Miguel Henríquez Emiliani General 03/31/2025 017022   618.92 Q1 017022 03/31/2025 ej.4 03/31/2025 Libros 610-CIENME
    Dewey Decimal Classification     General Miguel Henríquez Emiliani Miguel Henríquez Emiliani General 03/31/2025 017023   618.92 Q1 017023 03/31/2025 ej.5 03/31/2025 Libros 610-CIENME